00000000nam##2200000za#4500
0019.626475
003CaOODSP
00520210615104537
007ta
008150406|2003||||xxc|||||     f|0| 0 fre|d
040 |aCaOODSP|bfre
043 |an-cn---
0861 |aNH18-22/103-102F
1102 |aSociété canadienne d'hypothèques et de logement.
24510|aProcessus de conception intégré au projet de redéveloppement du théatre Séville
260 |bSociété canadienne d'hypothèques et de logement |c2003.
300 |a11p. : |bill., tableaux ; |c28 cm.
4901 |aLe point en recherche. Série technique |v03-102
5203 |aCes rapports techniques résument un large éventail d’études, de rapports et d’ouvrages divers relatifs au logement. Ils se penchent sur des questions aussi diversifiées que l’aménagement paysager à peu d’entretien dans le Nord; les possibilités d’action pour obtenir des environnements intérieurs sains; et divers aspects de la performance des installations, comme la performance de l’enveloppe de tours d’habitation, la performance de divers matériaux de construction, et l’évaluation de la performance d’installations de chauffage urbain.
563 |aDépliant
590 |a04-07|b2004-02-13
69107|aDéveloppement|2gcpds
69107|aLogement|2gcpds
77508|tSeville theatre redevelopment project - integrated design process |w(CaOODSP)9.616718
7760#|tProcessus de conception intégré au projet de redéveloppement du théatre Séville |w(CaOODSP)9.607912
830#0|aLe point en recherche. Série technique ;|v03-102|w(CaOODSP)9.513179